000 00345 a2200145 4500
999 _c3673
_d3673
020 _a0297829289
050 _aN 5300 JON 2003
100 _aJohnson, Paul
245 _aArt
_ba new history /
_cPaul Johnson
264 _aLondon
_bWeidenfield
_c2003
300 _a777p.
500 _ainclude index
650 _aArt
942 _2lcc
_cBK
_h5300
_iJON
_kN